000 01123naa a22003017a 4500
001 BR7500579
003 BR-BrBNA
005 20240918173717.0
007 ta
008 230509b bl.||||| |||| 00| 0 por d
040 _aBR-BrBNA
_bpor
_cBiblioteca Nacional de Agricultura
041 _a(Pt)
072 _aE15
090 _aE15 BR7500579
100 1 _aOmetto, D.A.
111 1 _a5. Congresso Nacional de Engenharia Agricola
_cLavras, MG (Brazil)
_d16 Jul 1975
245 1 _aConsideracoes a respeito do 68th Annual Meeting da ASAE [American Society of Agricultural Engineers; Producaovegetal; Energia]
260 3 _aLavras, MG (Brasil):
_c1975.
500 _aAnais do 5. Congresso Nacional de Engenharia AGricola Lavras, MG (Brasil): 1975. v. 2(pt. 7)p. 1-2 (BR7500579-AM)E15
650 _aMicroeconomia
650 _aProducao vegetal
650 _aEnergia
650 _aRendimento
650 _aProdutividade
773 0 _tAnais do 5. Congresso Nacional de Engenharia AGricola
_wE15 BR7500579
_gLavras, MG (Brasil), 1975. v. 2(pt. 7)p. 1-2
909 _a202404
_bLucia
_c55
_dLucia Elande
942 _cAM
_2AGRIS
999 _c306363
_d306363